Statystyki dla Valencia F.C. 2019/2020

Kliknij tutaj aby rozwiązać quiz!

Ogólne statystyki

  • Ten quiz został rozwiązany 96 razy
  • Średni wynik to 11 z 26

Statystyki odpowiedzi

PozycjaImię i Nazwisko% Poprawnych
BramkarzJasper Cillessen
88%
NapastnikRodrigo
75%
PomocnikDani Parejo
72%
ObrońcaJose Gaya
70%
PomocnikGoncalo Guedes
62%
PomocnikGeoffrey Kondogbia
62%
ObrońcaGabriel Paulista
60%
NapastnikKevin Gameiro
54%
ObrońcaEzequiel Garay
54%
NapastnikMaxi Gomez
52%
Napastnik | PomocnikFerran Torres
48%
PomocnikCarlos Soler
47%
PomocnikDaniel Wass
45%
ObrońcaCristiano Piccini
33%
ObrońcaMouctar Diakhaby
33%
BramkarzJaume Domenech
30%
PomocnikFrancis Coquelin
30%
ObrońcaEliaquim Mangala
26%
PomocnikDenis Cheryshev
25%
ObrońcaJaume Costa
22%
PomocnikKang-in Lee
17%
NapastnikRuben Sobrino
12%
ObrońcaThierry Correia
9%
NapastnikManu Vallejo
8%
NapastnikJason
1%

Rozkład punktacji

Percentyl według liczby udzielonych odpowiedzi

Procent ludzi z każdym wynikiem

Twoja historia wyników

Nie rozwiązałeś tego quizu